000 00767nam a2200193Ia 4500
008 230921s9999||||xx |||||||||||||| ||und||
020 _a978-3-030-37446-4
022 _a1611-3349
041 _aEN
100 _aMar Marcos, Jose M. Juarez, Richard Lenz, Grzegorz J. Nalepa, Slawomir Nowaczyk, Mor Peleg, Jerzy Stefanowski, Gregor Stiglic
245 0 _aArtificial Intelligence in Medicine: Knowledge Representation and Transparent and Explainable Systems
250 _a1st ed. 2019
260 _c2019
_bSpringer International Publishing
300 _b11979
440 _aLecture Notes in Computer Science
856 _uhttps://doi.org/10.1007/978-3-030-37446-4
856 _uhttps://link.springer.com/openurl?genre=book&isbn=978-3-030-37446-4
942 _cEB
999 _c263943
_d263943